000 01114nam0a22003251 4500
001 rc\2279408
005 20110829191457.9
035 _a(NLR Aleph) 006558911
090 _a6822125
_c6822125
100 _a20110829d1977 |||y0rusy50 ca
101 0 _arus
102 _aRU
105 _ay z |||||
200 1 _aНовые обряды и праздники
_fН.С. Бажайкин
_gНауч.-исслед. ин-т при Совете Министров Чуваш. АССР
210 _aЧебоксары
_cЧуваш. кн. изд-во
_d1977
215 _a86 с.
_d20
320 _aСписок лит.: с. 85
606 _aПраздники в СССР
_2psbo
606 _aОбряды и обычаи советские
_2psbo
686 _aТ595.241(2)
_2rubbk
686 _aТ52(2)-524.1
_2rubbk
686 _aЭ162.5
_2rubbk
700 1 _aБажайкин
_bН. С.
_gНиколай Семенович
801 0 _aRU
_bNLR
_gpsbo
801 1 _aRU
_bELAR
_2rusmarc
852 _aNLR
_j77-4/13698
899 _aRuMoRGB
_jБ 77-54/971
899 _aRuMoRGB
_jБ 77-54/972
942 _cBOOK
980 _aNB